MDQL
is popping MORE tags! Check the
thread
!
Quizzes
Events
Quiz Creation
Community
Videos
Private Events
Remove Ads
Sign In
Join for FREE
Feedback
Dark Mode
Quiz Categories
Sports
Geography
Music
Movies
Television
Just For Fun
Miscellaneous
History
Literature
Language
Science
Gaming
Entertainment
Religion
Holiday
For Kids
Quiz Lab
Recent
Popular Today
Quiz Kudos Today
Editor Picks
Curator Picks
Quizzes by...
Day
Popularity
Type
Ratings
Length
Year
Community
Subscriptions
Recent Discussions
Orange Saloon
Badges
Playlists
Quests
Create
Leaderboards
Showdown
Live 5
Trivia Bingo
Activity
Puzzle Library
Sporcle Events
Private Events
Virtual Trivia
Globe League
Become a Host
Pub Owners
SporcleCon
Opinionation
Our Games
Videos
Blog
Mobile Apps
Partnerships
Remove Ads and Go Orange
Feedback
Sports
Athletes
MLB
NBA
NHL
NFL
Soccer
Sports Teams
WWE
NCAA
Football
Premier League
Basketball
Baseball
Hockey
Golf
Tennis
Cricket
Rugby
Auto Racing
Olympics
World Cup
Sports
Athletes
MLB
NBA
NHL
NFL
Soccer
Sports Teams
WWE
NCAA
Football
Premier League
Basketball
Baseball
Hockey
Golf
Tennis
Cricket
Rugby
Auto Racing
Olympics
World Cup
Random Quiz
Search Sporcle
×
Quiz Lab
Quiz Lab
Sports
German
Type in answers that appear in a list
Type in answers that appear in a list
Classic
Best Score? Go Orange.
Football Stadiums: Bundesliga Stats
Can you name the german Bundesliga teams when given their home grounds?
By
robbbbann
10m
18 Questions
116 Plays
116 Plays
116 Plays
Comments
Comments
Give Quiz Kudos
Give Quiz Kudos
-
- Ratings
hide this ad
More Info
Forced Order
Answers have to be entered in order
Answers have to be entered in order
Random Order
Randomize order of answers
Randomize order of answers
Replay
Link that replays current quiz
Next Quiz
Link to next quiz in quiz playlist
You Got
0%
They Got
Avg Score
72%
Avg Friend Score
Upgrade to see
Score Distribution
Jump to the score distribution portion of the page
Score
0/18
Timer
10:00
0
Plays Today
Stadium
Team
% Correct
Allianz Arena
FC Bayern München
92.2%
Signal Iduna Park
Borussia Dortmund
92.2%
Red Bull Arena
RB Leipzig
90.5%
Olympiastadion
Hertha BSC
89.7%
Volkswagen Arena
VfL Wolfsburg
88.8%
BayArena
Bayer 04 Leverkusen
87.1%
Veltins-
Arena
FC Schalke 04
87.1%
Borussia-
Park
Borussia Mönchengladbach
71.6%
Weserstadion
SV Werder Bremen
70.7%
Stadium
Team
% Correct
Volksparkstadion
Hamburger SV
69%
Commerzbank-
Arena
Eintracht Frankfurt
66.4%
Opel Arena
1. FSV Mainz 05
60.3%
Rhein-
Neckar-
Arena
TSG 1899 Hoffenheim
59.5%
Schwarzwald-
Stadion
SC Freiburg
58.6%
WWK Arena
FC Augsburg
57.8%
RheinEnergieStadion
1. FC Köln
56%
Audi Sportpark
FC Ingolstadt 04
55.2%
Jonathan-
Heimes-
Stadion am Böllenfalltor
SV Darmstadt 98
50%
Quiz Playlist
Details
Report
Send in Message
Add To Playlist
More Info:
2016/17 season
Classic:
Type in answers that appear in a list
Forced Order:
Answers have to be entered in order
Random Order:
Randomize order of answers
Last Updated: Feb 16, 2017
Quiz Scoreboard
CHALLENGE
Sign Up to Join the Scoreboard
Show All
Scores
Hide
Comments
May contain spoilers
Recently Published
Colored Red Africa Blitz
by spor1
Geography
30s
Find the 'City' Movie
by crazypaving
Movies
60s
5x2 Blitz: Bands
by SL_Kpop136
Music
30s
More to Explore
Quiz From the Vault
Featured Blog Post
14 Easter Pick-up Lines to Find Eggs With
hide this ad
You Might Also Like...
Tags
German Quiz
bundesliga
ground
home
team
Today's Top Quizzes in Sports
Browse Sports
hide this ad
Today's Top Quizzes in German
Browse German
Top Contributed Quizzes in Sports
1
Players with Multiple 50 Home Run Seasons
2
Who Needs Fielders?
3
Criteria MLB: Left Handed Sluggers
4
MLB Players with Two .350 Batting Average Seasons
5
Who Hit More Homers?
6
2020 F1 Drivers Logic Puzzle
7
NBA Teammate Connections
8
Premier League Clubs since 2000 (minefield)
9
MLB Teams by First Game
10
Top 10 NHL Goal Scorers of All Time
Explore More
Trending Topics
Marvel
Crossword
Disney
NBA
Harry Potter
Kpop
Anime
Country
WWE
The Office
Song
NFL
Pokémon
Puzzle
Soccer
hide this ad
More By:
robbbbann
Quiz
Plays
Rating
Category
Featured
Created
Football Stadiums: EFL Championship
1,051
Sports
Mar 28, 2017
SHL Champions
831
2.50
Sports
Apr 25, 2016
SHL Teams by Arena
602
5.00
Sports
Nov 24, 2017
Volvo Car Models
341
2.00
Miscellaneous
Apr 18, 2016
Car engine displacements
330
3.00
Miscellaneous
Apr 24, 2016
Go to Creator's Profile
Score Distribution
Quiz Creator Spotlight
robbbbann
Follow
Send a Message
Quizzes Created
-
Created Quiz Play Count
-
More By This Creator
Popular Quizzes Today
1
5x2 Blitz: Bands
2
Find the 'City' Movie
3
Find the US States - No Outlines Minefield
4
Colored Red Africa Blitz
5
The Countries of the World
6
Find the US States
7
9x9 Crossword: Cartoon Network
8
Risky Map Clicking: Biggest States A-Z
More Sports Quizzes
Sports Logos Close-Up III
Published
Trending Quizzes
Colored Red Africa Blitz II
Colored Red Europe Blitz I
Find the 'Dark' Movie
Find the 'Day' Movie
Find the 'Good' Movie
Recently Updated
Champions League XIs: Real Madrid
pecheneg
Largest US Cities 1790-2010
pecheneg
Rides in Walt Disney World
pecheneg
Most Oscar Losses (Acting)
pecheneg
Beyoncé Albums
pecheneg
Leaping Animals
pecheneg
Reality TV Shows (A-Z)
bhenderson79
Rickey Henderson's Hall of Fame Teammates
pecheneg
Champions League XIs: Arsenal
pecheneg
Quick Pick: Celebrities in WWE's Hall of Fame
aduchscher
Trending Topics
Kpop
Anime
Harry Potter
Crossword
NBA
Disney
Marvel
Country
WWE
Soccer
Song
Pokémon
NFL
The Office
Puzzle
Your Account Isn't Verified!
In order to create a playlist on Sporcle, you need to verify the email address you used during registration. Go to your
Sporcle Settings
to finish the process.
Report this User
Report this user for behavior that violates our
Community Guidelines
.
Details:
Send Report
Go to the Sporcle.com Mobile Site →
Comments